| 000 | 01103cam a22003377a 4500 | ||
|---|---|---|---|
| 003 | CHAP | ||
| 005 | 20220329134317.0 | ||
| 008 | 971013s1972 r 00010 d | ||
| 010 | _a18542 | ||
| 011 | _a19514 | ||
| 035 | _a23599 | ||
| 040 | _cCHAP | ||
| 090 | _aFolleto 17262 | ||
| 110 |
_aDesarrollo Agropecuario Ejidal de Sinaloa _931965 |
||
| 245 | 1 | 3 | _aEl rol de trabajo, metodología y técnica |
| 260 |
_aCuliacán, Sin. : _b(s.e), _c1972 |
||
| 300 |
_aPág. varía _b: gráf. |
||
| 490 | 0 | _aManuales técnicos, 3 | |
| 590 |
_aBATCH-UPD _b10 _c20130110 _lUCH01 _h0049 |
||
| 590 |
_aBATCH-UPD _b10 _c20130110 _lUCH01 _h2017 |
||
| 590 |
_aBATCH-UPD _b10 _c20130409 _lUCH01 _h2036 |
||
| 590 |
_aBATCH-UPD _b10 _c20130914 _lUCH01 _h0827 |
||
| 590 |
_aCONVERSION _b10 _c20130109 _lUCH01 _h1311 |
||
| 650 | 1 | 4 |
_aAgricultura _xTrabajadores. _91840 |
| 650 | 1 | 4 |
_aCampesinado. _917993 |
| 830 | 0 |
_aManuales técnicos, 3 _970704 |
|
| 901 | _aBK | ||
| 942 | _cFOLL | ||
| 949 |
_aFolleto 17262 _bBC _cFOLL _d33724002033066 _eTS2 _fc.2 _i23599 _sb |
||
| 949 |
_aFolleto 17262 _bBC _cFOLL _d33724002033108 _eTS1 _i23599 _sb |
||
| 999 |
_c18542 _d18542 |
||